| 000 | 00417nam a2200157 a 4500 | ||
|---|---|---|---|
| 001 | 2756 | ||
| 003 | CDMR | ||
| 005 | 20130116135235.0 | ||
| 008 | 130130s1987||||||||||||||||||||||||||||d | ||
| 040 |
_aCDMR _bcat _cCPC GIRONA |
||
| 100 | 1 |
_aDalmau i Ribalda, Antoni _92073 |
|
| 245 | 1 | 0 |
_aMaterials d'obra _cDalmau i Ribalda, Antoni |
| 260 |
_c1987 _bPolítiques / Edicions 62 |
||
| 490 | 0 |
_aPolítiques _v1 _9117 |
|
| 942 | _cMON | ||
| 999 |
_c2756 _d2756 |
||